[Event "Montcalm II 2015-16"]
[Site "Quebec"]
[Date "2015.11.12"]
[Round "5"]
[White "Bergeron, Marc"]
[Black "Fecteau, Martin"]
[Result "0-1"]
[WhiteElo "1984"]
[BlackElo "1994"]
[PlyCount "84"]
[EventDate "2015.10.15"]
[EventType "swiss"]
[EventRounds "5"]
[EventCountry "CAN"]
[SourceTitle "EXT 2019"]
[Source "ChessBase"]
[SourceDate "2018.10.10"]
[SourceVersion "1"]
[SourceVersionDate "2018.10.10"]
[SourceQuality "1"]

1. c4 e5 2. g3 Nf6 3. Bg2 Nc6 4. Nc3 Bb4 5. Nd5 Bc5 6. a3 a5 7. e3 0-0 8. Ne2 Nxd5 9. cxd5 Ne7 10. 0-0 d6 11. d4 exd4 12. Nxd4 Nf5 13. Ne2 Bd7 14. e4 Ne7 15. Nd4 Ng6 16. b3 Ne5 17. Bb2 Bg4 18. f3 Bd7 19. Rf2 c6 20. h3 cxd5 21. exd5 Qb6 22. f4 Ng6 23. Kh2 Rfe8 24. Qd2 Qa7 25. b4 Bb6 26. Re2 Rxe2 27. Nxe2 Re8 28. Nd4 Qa6 29. b5 Bxb5 30. Nf5 f6 31. Nxd6 Re2 32. Qc3 Bd7 33. Nc4 Bd8 34. Kh1 b5 35. Bf1 Re8 36. Ne3 Qd6 37. Bg2 Bb6 38. Re1 Rc8 39. Qd3 Ne7 40. Ng4 Nf5 41. Ne5 Bf2 42. Re3 Nxe3 0-1

[Event "Montcalm II 2015-16"]
[Site "Quebec"]
[Date "2015.11.05"]
[Round "4"]
[White "Cournoyer, Dominic"]
[Black "Bergeron, Marc"]
[Result "0-1"]
[WhiteElo "2024"]
[BlackElo "1984"]
[PlyCount "112"]
[EventDate "2015.10.15"]
[EventType "swiss"]
[EventRounds "5"]
[EventCountry "CAN"]
[SourceTitle "EXT 2019"]
[Source "ChessBase"]
[SourceDate "2018.10.10"]
[SourceVersion "1"]
[SourceVersionDate "2018.10.10"]
[SourceQuality "1"]

1. c4 e5 2. Nc3 Nf6 3. Nf3 Nc6 4. d4 e4 5. Ng5 Bb4 6. g3 h6 7. Nh3 0-0 8. Bg2 Re8 9. 0-0 Bxc3 10. bxc3 d5 11. cxd5 Nxd5 12. Bb2 b5 13. a4 b4 14. c4 Nb6 15. d5 Na5 16. Qd4 f6 17. c5 Nxd5 18. Rad1 c6 19. Nf4 Bb7 20. Nxd5 cxd5 21. Qxb4 Bc6 22. f3 Nc4 23. Bc1 Rb8 24. Qc3 Qa5 25. Qxa5 Nxa5 26. fxe4 dxe4 27. Bf4 Rb4 28. Ra1 Nb3 29. Ra3 a5 30. Rd1 Bxa4 31. Rxa4 Rxa4 32. c6 Nd4 33. c7 Rc4 34. Kf1 g5 35. Be3 Ne6 36. Ra1 a4 37. Bh3 Nxc7 38. Bd7 Ra8 39. Bb6 Kg7 40. Bxc7 Rxc7 41. Rxa4 Rxa4 42. Bxa4 e3 43. Bb5 f5 44. Kg2 g4 45. h3 Kf6 46. Bd3 Rc1 47. Kh2 Rf1 48. hxg4 fxg4 49. Kg2 Rf2+ 50. Kg1 Kg5 51. Bc4 h5 52. Bb5 h4 53. gxh4+ Kxh4 54. Bc4 Kg5 55. Bb5 Kf4 56. Bc4 Ke5 0-1

[Event "Montcalm V 2014-15"]
[Site "Quebec"]
[Date "2015.02.26"]
[Round "2"]
[White "Bergeron, Marc"]
[Black "Dube, Daniel"]
[Result "1/2-1/2"]
[WhiteElo "1995"]
[BlackElo "1891"]
[PlyCount "85"]
[EventDate "2015.02.19"]
[EventType "swiss"]
[EventRounds "5"]
[EventCountry "CAN"]
[SourceTitle "EXT 2019"]
[Source "ChessBase"]
[SourceDate "2018.10.10"]
[SourceVersion "1"]
[SourceVersionDate "2018.10.10"]
[SourceQuality "1"]

1. c4 Nf6 2. g3 g6 3. Bg2 c6 4. b3 d5 5. cxd5 cxd5 6. Bb2 Bg7 7. Nf3 Nc6 8. d4 Ne4 9. 0-0 0-0 10. Nc3 Bf5 11. e3 Rc8 12. Rc1 Nxc3 13. Bxc3 Be4 14. Bh3 e6 15. Ne1 g5 16. Nd3 Bxd3 17. Qxd3 h5 18. f3 Bf6 19. Rcd1 Kg7 20. e4 Qb6 21. Kg2 Rh8 22. g4 Rcg8 23. gxh5 Rxh5 24. Bg4 Rh6 25. e5 Be7 26. h3 Nd8 27. Qd2 Nc6 28. f4 Qd8 29. f5 f6 30. fxe6 Rf8 31. exf6+ Bxf6 32. Rf3 Ne7 33. Bb4 Ng6 34. Bxf8+ Qxf8 35. Rdf1 Nh4+ 36. Kg1 Nxf3+ 37. Rxf3 Qe7 38. Kg2 Rh8 39. Qa5 b6 40. Qc3 Qb7 41. Rf2 Rc8 42. Qf3 Qe7 43. Qd3 1/2-1/2

[Event "Quebec Montcalm op 3 2014-15"]
[Site "Quebec"]
[Date "2014.11.27"]
[Round "3"]
[White "Sarra Bournet, Marc"]
[Black "Bergeron, Marc"]
[Result "1-0"]
[WhiteElo "1737"]
[BlackElo "2038"]
[PlyCount "75"]
[EventDate "2014.11.13"]
[EventType "swiss"]
[EventRounds "5"]
[EventCountry "CAN"]
[SourceTitle "EXT 2022"]
[Source "ChessBase"]
[SourceDate "2021.10.06"]
[SourceVersion "1"]
[SourceVersionDate "2021.10.06"]
[SourceQuality "1"]

1. e4 e6 2. d4 d5 3. Nd2 Nf6 4. e5 Nfd7 5. f4 c5 6. c3 Nc6 7. Ne2 Qb6 8. Nf3 f6 9. f5 fxe5 10. fxe6 Nf6 11. dxe5 Ng4 12. Qxd5 Nb4 13. cxb4 Bxe6 14. Qe4 0-0-0 15. Bg5 c4 16. Bxd8 Bxb4+ 17. Nc3 Qf2+ 18. Kd1 Qxb2 19. Bh4 Qxa1+ 20. Nb1 g5 21. Bxc4 Rd8+ 22. Kc2 Ne3+ 23. Qxe3 Bxc4 24. Qxa7 gxh4 25. Qa4 Bd3+ 26. Kb3 Bc3 27. Nxc3 Qxh1 28. Qa8+ Kc7 29. Qa5+ b6 30. Qa7+ Kc6 31. e6 Qxg2 32. Ne5+ Kd6 33. Nxd3 Qc6 34. Qf7 b5 35. Qf4+ Ke7 36. Qg5+ Ke8 37. Qg8+ Ke7 38. Qxh7+ 1-0

[Event "Quebec Montcalm op 1 2013-14"]
[Site "Quebec"]
[Date "2013.10.03"]
[Round "5"]
[White "Bergeron, Marc"]
[Black "Sarra Bournet, Marc"]
[Result "0-1"]
[WhiteElo "1986"]
[BlackElo "1818"]
[PlyCount "63"]
[EventDate "2013.09.05"]
[EventType "swiss"]
[EventRounds "5"]
[EventCountry "CAN"]
[SourceTitle "EXT 2022"]
[Source "ChessBase"]
[SourceDate "2021.10.06"]
[SourceVersion "1"]
[SourceVersionDate "2021.10.06"]
[SourceQuality "1"]

1. c4 e5 2. g3 Nf6 3. Bg2 Bc5 4. a3 d6 5. e3 Nc6 6. b4 Bb6 7. Nc3 0-0 8. Nge2 Bg4 9. h3 Bf5 10. d4 exd4 11. exd4 Re8 12. 0-0 a6 13. g4 Bg6 14. Bg5 Qd7 15. Bxf6 gxf6 16. Nd5 Kg7 17. c5 Ba7 18. Nec3 f5 19. g5 Re6 20. h4 h5 21. Nf4 Ree8 22. Ncd5 Rh8 23. Qd2 Rad8 24. Nf6 Qc8 25. Qb2 Kf8 26. Rfe1 Nxd4 27. Qxd4 dxc5 28. Nxg6+ fxg6 29. Nd7+ Qxd7 30. Qxh8+ Kf7 31. Qf6+ Kg8 32. Re7 0-1

[Event "Quebec Montcalm op 4 2012-13"]
[Site "Quebec"]
[Date "2013.01.10"]
[Round "1"]
[White "Plante, Rejean"]
[Black "Bergeron, Marc"]
[Result "1-0"]
[WhiteElo "2017"]
[BlackElo "2022"]
[PlyCount "75"]
[EventDate "2013.01.10"]
[EventType "swiss"]
[EventRounds "5"]
[EventCountry "CAN"]
[SourceTitle "EXT 2022"]
[Source "ChessBase"]
[SourceDate "2021.10.06"]
[SourceVersion "1"]
[SourceVersionDate "2021.10.06"]
[SourceQuality "1"]

1. c4 Nc6 2. Nc3 e5 3. g3 Nf6 4. Bg2 Bc5 5. e3 0-0 6. Nge2 Re8 7. a3 a5 8. d3 d6 9. 0-0 Bg4 10. h3 Bd7 11. b3 Qc8 12. Kh2 Ba7 13. Bb2 Ne7 14. Nd5 Nfxd5 15. cxd5 c6 16. Rc1 Qd8 17. dxc6 Bxc6 18. e4 f5 19. f4 d5 20. Bxe5 dxe4 21. d4 Nd5 22. Qd2 Re6 23. Nc3 Rh6 24. Nxd5 Qxd5 25. Qc3 Bb6 26. Rfe1 Qf7 27. Bf1 Bd5 28. Bc4 Rc6 29. Bxd5 Qxd5 30. Qe3 Rac8 31. g4 Rc2+ 32. Rxc2 Rxc2+ 33. Re2 Rxe2+ 34. Qxe2 Qxb3 35. gxf5 Qd3 36. Qg2 g6 37. fxg6 h6 38. Qa2+ 1-0

[Event "Quebec Montcalm op 5 2010-11"]
[Site "Quebec"]
[Date "2011.03.03"]
[Round "3"]
[White "Chiffot, Nicolas"]
[Black "Bergeron, Marc"]
[Result "1-0"]
[WhiteElo "1994"]
[BlackElo "1975"]
[PlyCount "27"]
[EventDate "2011.02.16"]
[EventType "swiss"]
[EventRounds "5"]
[EventCountry "CAN"]
[SourceTitle "EXT 2022"]
[Source "ChessBase"]
[SourceDate "2021.10.06"]
[SourceVersion "1"]
[SourceVersionDate "2021.10.06"]
[SourceQuality "1"]

1. Nf3 Nc6 2. d4 d5 3. g3 Bf5 4. c4 e6 5. Nc3 Nb4 6. e4 dxe4 7. Nh4 e3 8. Nxf5 exf2+ 9. Kxf2 Qf6 10. Bh3 0-0-0 11. Ne4 exf5 12. Nxf6 Nxf6 13. Bxf5+ Kb8 14. Bg5 1-0

[Event "Quebec Montcalm op 5th"]
[Site "Quebec"]
[Date "2010.03.18"]
[Round "5"]
[White "Bergeron, Marc"]
[Black "Caire, Francois"]
[Result "1/2-1/2"]
[WhiteElo "2041"]
[BlackElo "2220"]
[PlyCount "67"]
[EventDate "2010.02.18"]
[EventType "tourn"]
[EventRounds "5"]
[EventCountry "CAN"]
[SourceTitle "EXT 2022"]
[Source "ChessBase"]
[SourceDate "2021.10.06"]
[SourceVersion "1"]
[SourceVersionDate "2021.10.06"]
[SourceQuality "1"]

1. e4 c5 2. Nf3 Nc6 3. d4 cxd4 4. Nxd4 Nf6 5. Nc3 e5 6. Ndb5 d6 7. Nd5 Nxd5 8. exd5 Nb8 9. c4 Be7 10. Bd3 0-0 11. 0-0 Nd7 12. Be3 a6 13. Nc3 f5 14. f3 b6 15. b4 Bb7 16. Qc2 g6 17. Bh6 Rf7 18. g4 Bg5 19. Bxg5 Qxg5 20. Kh1 fxg4 21. Ne4 Qe7 22. fxg4 Raf8 23. g5 b5 24. Rxf7 Qxf7 25. Kg1 bxc4 26. Bxc4 Bxd5 27. Nxd6 Qf3 28. Bxd5+ Qxd5 29. Qb3 Qxb3 30. axb3 Rb8 31. Rxa6 Rxb4 32. Ra8+ Nf8 33. Re8 Rxb3 34. Rxe5 1/2-1/2

[Event "Quebec Montcalm op 4th"]
[Site "Quebec"]
[Date "2010.01.21"]
[Round "2"]
[White "Bergeron, Marc"]
[Black "Chiffot, Nicolas"]
[Result "1-0"]
[WhiteElo "1985"]
[BlackElo "2006"]
[PlyCount "97"]
[EventDate "2010.01.14"]
[EventType "tourn"]
[EventRounds "5"]
[EventCountry "CAN"]
[SourceTitle "EXT 2011"]
[Source "ChessBase"]
[SourceDate "2010.11.26"]
[SourceVersion "1"]
[SourceVersionDate "2010.11.26"]
[SourceQuality "1"]

1. e4 e6 2. d4 d5 3. Nc3 Nf6 4. e5 Nfd7 5. f4 c5 6. Nf3 Nc6 7. Be3 Qb6 8. Qd2 a6 9. 0-0-0 Qa5 10. Kb1 c4 11. Ne2 Bb4 12. c3 Be7 13. h4 b5 14. h5 h6 15. g4 Nb6 16. Bh3 b4 17. f5 Na4 18. Ka1 Rb8 19. Rb1 Nb6 20. f6 b3 21. Nc1 bxa2 22. Nxa2 gxf6 23. exf6 Bxf6 24. Bxh6 Qb5 25. Bf1 Qa4 26. Re1 Na5 27. Qf4 Qc2 28. Nb4 Qa4+ 29. Kb1 Nd7 30. Nxd5 Qc6 31. Nxf6+ Nxf6 32. Bg7 Rxb2+ 33. Kxb2 Qb5+ 34. Kc1 Nd5 35. Qe5 Nb3+ 36. Kc2 Qa5 37. Re3 Qa2+ 38. Kd1 Qb1+ 39. Ke2 Qc2+ 40. Ke1 Qc1+ 41. Kf2 Rh7 42. h6 Bb7 43. Qb8+ Ke7 44. Qxb7+ Kd8 45. Qb8+ Ke7 46. Qf8+ Kd7 47. Ne5+ Kc7 48. Qxf7+ Kb8 49. Nc6+ 1-0

[Event "St Jean op"]
[Site "St Jean sur Richelieu"]
[Date "2008.06.13"]
[Round "1"]
[White "Bergeron, Marc"]
[Black "Hebert, Jean"]
[Result "0-1"]
[WhiteElo "2008"]
[BlackElo "2428"]
[PlyCount "78"]
[EventDate "2008.06.13"]
[EventType "swiss"]
[EventRounds "5"]
[EventCountry "CAN"]
[SourceTitle "EXT 2011"]
[Source "ChessBase"]
[SourceDate "2010.11.26"]
[SourceVersion "1"]
[SourceVersionDate "2010.11.26"]
[SourceQuality "1"]

1. e4 c5 2. Nf3 Nc6 3. d4 cxd4 4. Nxd4 Nf6 5. Nc3 e5 6. Ndb5 d6 7. Bg5 a6 8. Na3 b5 9. Nd5 Be7 10. Bxf6 Bxf6 11. c3 0-0 12. Nc2 Bg5 13. Bd3 Be6 14. Nce3 Bxe3 15. Nxe3 b4 16. cxb4 Nxb4 17. a3 Nc6 18. 0-0 Nd4 19. Bc4 Qb6 20. b4 a5 21. Nd5 Qa7 22. b5 Rac8 23. b6 Qb7 24. Qa4 Bxd5 25. Bxd5 Qxb6 26. Rab1 Qc5 27. Rb7 Rc7 28. Rxc7 Qxc7 29. g3 Ne2+ 30. Kg2 Qc3 31. Qd1 Nd4 32. a4 g6 33. f4 Nc2 34. Qf3 Ne3+ 35. Kh1 exf4 36. gxf4 Qd2 37. Rg1 Nxd5 38. exd5 Rc8 39. f5 Rc2 0-1

[Event "Montreal Hiver op"]
[Site "Montreal"]
[Date "2007.01.20"]
[Round "3"]
[White "Girouard, Michel"]
[Black "Bergeron, Marc"]
[Result "1/2-1/2"]
[WhiteElo "1882"]
[BlackElo "2030"]
[PlyCount "46"]
[EventDate "2007.01.19"]
[EventType "swiss"]
[EventRounds "5"]
[EventCountry "CAN"]
[SourceTitle "EXT 2008"]
[Source "ChessBase"]
[SourceDate "2007.11.25"]
[SourceVersion "1"]
[SourceVersionDate "2007.11.25"]
[SourceQuality "1"]

1. g3 d5 2. Bg2 e5 3. Nf3 Nc6 4. d3 Nf6 5. 0-0 h6 6. Nbd2 Bc5 7. e4 dxe4 8. dxe4 Be6 9. b3 Qd6 10. Bb2 0-0-0 11. Qe2 Nd4 12. Nxd4 Bxd4 13. Bxd4 Qxd4 14. Nf3 Qxe4 15. Qxe4 Nxe4 16. Rfe1 Nc3 17. Rxe5 Rd6 18. Rae1 Rhd8 19. Bf1 Rd1 20. a4 Bg4 21. Kg2 f6 22. Re7 R1d7 23. Bd3 Nd5 1/2-1/2

[Event "Montreal Ligue elite du dimanche 10"]
[Site "Montreal"]
[Date "2006.10.15"]
[Round "2"]
[White "Sedek, Mario Jose"]
[Black "Bergeron, Marc"]
[Result "0-1"]
[WhiteElo "1624"]
[BlackElo "1991"]
[PlyCount "66"]
[EventDate "2006.10.01"]
[EventType "swiss"]
[EventRounds "5"]
[EventCountry "CAN"]
[SourceTitle "EXT 2022"]
[Source "ChessBase"]
[SourceDate "2021.10.06"]
[SourceVersion "1"]
[SourceVersionDate "2021.10.06"]
[SourceQuality "1"]

1. d4 Nf6 2. c4 g6 3. Nc3 Bg7 4. Nf3 d6 5. e4 0-0 6. Be2 e5 7. Bg5 Nbd7 8. 0-0 h6 9. Be3 c6 10. h3 exd4 11. Nxd4 Re8 12. Qc2 Qe7 13. f3 d5 14. cxd5 cxd5 15. Ndb5 dxe4 16. fxe4 Nxe4 17. Nd5 Qe5 18. Bc4 Ndf6 19. Bd4 Qg5 20. Be3 Qe5 21. Bf4 Qh5 22. Ndc7 Qc5+ 23. Kh2 Bd7 24. Bd6 Qc6 25. Nxe8 Rxe8 26. Rad1 Rc8 27. b3 Qxb5 28. Bxb5 Rxc2 29. Bc4 Bc6 30. Bb8 Ng5 31. Bxa7 Rxg2+ 32. Kh1 Rd2+ 33. Kg1 Nxh3# 0-1